000 01144nam0a2200337 4500
001 RU\NLR\BIBL_A\022322054
005 20241024121205.0
010 _a978-5-04-200108-6
_93000
021 _aRU
_bКН-П-24-045949
_9КН-П-24-4570
035 _a(NLR Aleph) 022322054
090 _a13256913
_c13256913
100 _a20240913d2024 u y0rusy50 ca
101 0 _arus
102 _aRU
105 _ay z 000ay
181 0 _ai
_baxxe
182 0 _an
200 1 _aЗолотое правило молчания
_fГалина Романова
203 _aТекст
_bвизуальный
_cнепосредственный
210 _aМосква
_cЭксмо
_d2024
215 _a317, [1] с.
_d21
225 1 _aМетод женщины
320 _aДр. кн. авт. на 1-2-й с.
333 _a16+
686 2 _aШ6(2=Р)8-446
700 1 _7ca
_8rus
_aРоманова
_bГ. В.
_cписатель
_gГалина Владимировна
_9120891
_3RU\NLR\AUTH\7711137
942 _cBOOK
980 _aNB